The cynic enlightenment Diogenes in the salon /
Zapisane w:
| 1. autor: | |
|---|---|
| Korporacja: | |
| Format: | Elektroniczne E-book |
| Język: | angielski |
| Wydane: |
Baltimore, MD :
Johns Hopkins University Press,
2010.
|
| Seria: | Parallax : re-visions of culture and society
|
| Hasła przedmiotowe: | |
| Dostęp online: | An electronic book accessible through the World Wide Web; click to view |
| Etykiety: |
Nie ma etykietki, Dołącz pierwszą etykiete!
|
MARC
| LEADER | 00000nam a2200000Ia 4500 | ||
|---|---|---|---|
| 001 | 0000117147 | ||
| 005 | 20171002060221.0 | ||
| 006 | m u | ||
| 007 | cr cn||||||||| | ||
| 008 | 090323s2010 mdu sb 001 0 eng d | ||
| 010 | |z 2009011827 | ||
| 020 | |z 9780801893858 (hardcover : alk. paper) | ||
| 020 | |z 0801893852 (hardcover. : alk. paper) | ||
| 035 | |a (CaPaEBR)ebr10365013 | ||
| 035 | |a (OCoLC)593240751 | ||
| 040 | |a CaPaEBR |c CaPaEBR | ||
| 050 | 1 | 4 | |a B809.5 |b .S54 2010eb |
| 100 | 1 | |a Shea, Louisa, |d 1974- | |
| 245 | 1 | 4 | |a The cynic enlightenment |h [electronic resource] : |b Diogenes in the salon / |c Louisa Shea. |
| 260 | |a Baltimore, MD : |b Johns Hopkins University Press, |c 2010. | ||
| 300 | |a xx, 262 p. | ||
| 490 | 0 | |a Parallax : re-visions of culture and society | |
| 504 | |a Includes bibliographical references and index. | ||
| 533 | |a Electronic reproduction. |b Palo Alto, Calif. : |c ebrary, |d 2010. |n Available via World Wide Web. |n Access may be limited to ebrary affiliated libraries. | ||
| 600 | 0 | 0 | |a Diogenes, |d d. ca. 323 B.C. |
| 650 | 0 | |a Cynicism. | |
| 650 | 0 | |a Enlightenment. | |
| 655 | 7 | |a Electronic books. |2 local | |
| 710 | 2 | |a ebrary, Inc. | |
| 856 | 4 | 0 | |u http://site.ebrary.com/lib/daystar/Doc?id=10365013 |z An electronic book accessible through the World Wide Web; click to view |
| 908 | |a 170314 | ||
| 942 | 0 | 0 | |c EB |
| 999 | |c 106297 |d 106297 | ||